Countries By Bad Clues about Landmarks #1 - Statistics

General Stats
  • This quiz has been taken 59 times
  • The average score is 8 of 10
Answer Stats
# Clues Answer % Correct
1 Big Clock, Suspension Bridge United Kingdom
100%
3 Falling Tower, Fighting Arena Italy
96%
2 Green Statue, Faces in Rocks United States of America
96%
8 Big Hill With Ski Lift, Tall Jesus Brazil
90%
5 Huge Underwater Biome, Building for Singing Australia
88%
4 Big Barrier, Stone People China
81%
7 Large Vertical River, Northern Space Needle Canada
75%
6 Triangular Structure, Lion/Woman Statue Egypt
75%
10 Twirly Castle, Golden Statues Around Fountain Russia
52%
9 Another Big Vertical River, Jenga With Rocks Zimbabwe
15%
No matching quizzes found
Score Distribution
Percent of People with Each Score
Percentile by Number Answered
Your Score History
You have not taken this quiz